logo

Bir Sreshtho Munshi Abdur Rouf Library
Jhenaidah Cadet College

Children who read early; (Record no. 7897)

MARC details
000 -LEADER
fixed length control field 00774cam a22002531 4500
001 - CONTROL NUMBER
JCCL Control Number 7897
003 - CONTROL NUMBER IDENTIFIER
JCCL marc code BD-JhCC
005 - DATE AND TIME OF LATEST TRANSACTION
control field 20180215101112.0
008 - FIXED-LENGTH DATA ELEMENTS--GENERAL INFORMATION
fixed length control field 731212s1966 nyu b 000 0 eng
035 ## - SYSTEM CONTROL NUMBER
system control number (BD-JhCC)7897
040 ## - CATALOGING SOURCE
Original cataloging agency DLC
Transcribing agency DLC
Modifying agency DLC
-- BD-JhCC
041 ## - LANGUAGE CODE
Language code of Book eng
050 00 - LIBRARY OF CONGRESS CALL NUMBER
Classification number LB1181
Item number .D8
082 00 - DEWEY DECIMAL CLASSIFICATION NUMBER
Classification number 428.2
Author mark and Year DUR 1966
100 1# - MAIN ENTRY--PERSONAL NAME
Personal name Durkin, Dolores.
245 10 - TITLE STATEMENT
Title Children who read early;
Remainder of title two longitudinal studies.
260 ## - PUBLICATION, DISTRIBUTION, ETC. (IMPRINT)
Place of publication, distribution, etc New York,
Name of publisher, distributor, etc Teachers College Press,
Date of publication, distribution, etc 1966.
300 ## - PHYSICAL DESCRIPTION
Pagination xiv, 174 p.
Dimensions 24 cm.
500 ## - GENERAL NOTE
General note "A publication of the Horace Mann-Lincoln Institute of School Experimentation, Teachers College, Columbia University."
504 ## - BIBLIOGRAPHY, ETC. NOTE
Bibliography, etc Bibliography: p. 143-147.
650 #0 - SUBJECT ADDED ENTRY--TOPICAL TERM
Topical term or geographic name as entry element Reading readiness.
942 ## - ADDED ENTRY ELEMENTS (KOHA)
Source of classification or shelving scheme Dewey Decimal Classification
Koha item type Books
Holdings
Source of classification or shelving scheme Damaged status Not for loan Home library Current library Shelving location Total Checkouts Full call number Barcode Date last seen Copy number Koha item type
Dewey Decimal Classification     JCC Rouf Library JCC Rouf Library General Stacks   428.2 DUR 1966 1024 02/15/2018 C - 1 Books

JCC Library | Contacts | JCC Home

Last Update on 23 September 2017
Copyright @ 2017-2020 JCC Rouf Library
Rouf Library, Jhenidah Cadet College (JCC), Bangladesh